[Event "Королевский Гамбит. Южный Федеральный округ."]
[Date "2025-11-21"]
[Round "2.5"]
[Board "5"]
[White "Замковой Артём"]
[WhiteElo "990"]
[Black "Гусаков Тимофей"]
[BlackElo "990"]
[WebSite "https://www.chessopen.ru"]
[GameId "c32c4f9d-b352-4f32-bc31-c59512477bac"]
[Result "0-1"]

1. e4 { [%clk 0:08:43] } e5 { [%clk 0:09:56] } 2. Nf3 { [%clk 0:08:43] } Nf6 {
[%clk 0:09:55] } 3. Nc3 { [%clk 0:08:44] } Nc6 { [%clk 0:09:56] } 4. Bc4 {
[%clk 0:08:46] } Nxe4 { [%clk 0:09:56] } 5. Nxe4 { [%clk 0:08:47] } d5 { [%clk
0:09:58] } 6. Bxd5 { [%clk 0:08:25] } Qxd5 { [%clk 0:09:59] } 7. d3 { [%clk
0:08:16] } Bd6 { [%clk 0:09:49] } 8. Be3 { [%clk 0:07:47] } O-O { [%clk
0:09:42] } 9. a3 { [%clk 0:07:36] } Nd4 { [%clk 0:09:32] } 10. c4 { [%clk
0:07:21] } Nxf3+ { [%clk 0:09:13] } 11. Qxf3 { [%clk 0:07:15] } Qxd3 { [%clk
0:09:05] } 12. Rd1 { [%clk 0:06:32] } Qxc4 { [%clk 0:08:40] } 13. Nxd6 { [%clk
0:06:05] } cxd6 { [%clk 0:08:33] } 14. Rxd6 { [%clk 0:05:42] } Bg4 { [%clk
0:08:34] } 15. Rd4 { [%clk 0:03:58] } exd4 { [%clk 0:08:31] } 16. Qxg4 { [%clk
0:03:58] } Rae8 { [%clk 0:08:28] } 17. Kd1 { [%clk 0:03:40] } Qa4+ { [%clk
0:08:20] } 18. Ke1 { [%clk 0:03:35] } Rc8 { [%clk 0:08:13] } 19. Qxd4 { [%clk
0:02:48] } Qxd4 { [%clk 0:08:07] } 20. Bxd4 { [%clk 0:02:51] } Rfe8+ { [%clk
0:08:09] } 21. Kd2 { [%clk 0:02:52] } Rcd8 { [%clk 0:08:08] } 22. Kd3 { [%clk
0:02:54] } Rd6 { [%clk 0:08:05] } 23. Rc1 { [%clk 0:02:51] } Red8 { [%clk
0:08:04] } 24. Rc4 { [%clk 0:02:52] } h6 { [%clk 0:08:04] } 25. Kc3 { [%clk
0:02:50] } b5 { [%clk 0:08:05] } 26. Rb4 { [%clk 0:02:45] } Rc8+ { [%clk
0:08:06] } 27. Kd3 { [%clk 0:02:44] } Rd5 { [%clk 0:07:57] } 28. g4 { [%clk
0:02:28] } a5 { [%clk 0:07:58] } 29. Rb3 { [%clk 0:02:18] } Rcd8 { [%clk
0:07:48] } 0-1

[Event "Королевский Гамбит. Южный Федеральный округ."]
[Date "2025-11-21"]
[Round "2.5"]
[Board "5"]
[White "Лосев Платон"]
[WhiteElo "1000"]
[Black "Бажин Радомир"]
[BlackElo "1010"]
[WebSite "https://www.chessopen.ru"]
[GameId "f5c09302-f579-4c44-9c27-45563e1acbca"]
[Result "0-1"]

1. d4 { [%clk 0:09:31] } Nf6 { [%clk 0:09:59] } 2. d5 { [%clk 0:09:27] } d6 {
[%clk 0:09:54] } 3. c4 { [%clk 0:09:24] } g6 { [%clk 0:09:55] } 4. f4 { [%clk
0:09:18] } Bg7 { [%clk 0:09:56] } 5. Nc3 { [%clk 0:09:08] } c6 { [%clk 0:09:52]
} 6. e4 { [%clk 0:09:04] } cxd5 { [%clk 0:09:48] } 7. cxd5 { [%clk 0:08:57] }
Nbd7 { [%clk 0:09:48] } 8. Bb5 { [%clk 0:08:46] } O-O { [%clk 0:09:48] } 9.
Bxd7 { [%clk 0:08:41] } Nxd7 { [%clk 0:09:37] } 10. f5 { [%clk 0:08:28] } Ne5 {
[%clk 0:09:36] } 11. b3 { [%clk 0:08:10] } gxf5 { [%clk 0:09:27] } 12. Bf4 {
[%clk 0:07:54] } Qa5 { [%clk 0:09:09] } 13. Ne2 { [%clk 0:07:42] } fxe4 { [%clk
0:09:07] } 14. Ng3 { [%clk 0:07:08] } Qxc3+ { [%clk 0:09:01] } 15. Bd2 { [%clk
0:06:58] } Nd3+ { [%clk 0:09:02] } 16. Kf1 { [%clk 0:06:40] } Qxa1 { [%clk
0:09:00] } 17. Qxa1 { [%clk 0:06:35] } Bxa1 { [%clk 0:08:59] } 18. Nf5 { [%clk
0:06:17] } Bxf5 { [%clk 0:08:59] } 19. Ke2 { [%clk 0:06:12] } Bd4 { [%clk
0:08:58] } 20. Bh6 { [%clk 0:05:51] } Bg7 { [%clk 0:08:58] } 21. Bg5 { [%clk
0:05:42] } f6 { [%clk 0:08:54] } 22. Be3 { [%clk 0:05:15] } Nb4 { [%clk
0:08:53] } 23. Rf1 { [%clk 0:04:47] } Bg4+ { [%clk 0:08:49] } 24. Ke1 { [%clk
0:04:37] } Nxd5 { [%clk 0:08:45] } 25. Kf2 { [%clk 0:04:13] } e5 { [%clk
0:08:38] } 26. h3 { [%clk 0:03:53] } f5 { [%clk 0:08:28] } 27. hxg4 { [%clk
0:03:44] } fxg4+ { [%clk 0:08:28] } 28. Ke2 { [%clk 0:02:36] } Rxf1 { [%clk
0:08:26] } 29. Kxf1 { [%clk 0:02:36] } Nxe3+ { [%clk 0:08:27] } 30. Kf2 { [%clk
0:02:34] } Bh6 { [%clk 0:08:27] } 31. g3 { [%clk 0:02:32] } Rf8+ { [%clk
0:08:25] } 32. Ke2 { [%clk 0:02:22] } d5 { [%clk 0:08:27] } 33. Kd2 { [%clk
0:02:16] } d4 { [%clk 0:08:28] } 34. b4 { [%clk 0:02:11] } Rf2+ { [%clk
0:08:27] } 35. Ke1 { [%clk 0:02:07] } Rg2 { [%clk 0:08:22] } 36. a4 { [%clk
0:01:26] } d3 { [%clk 0:08:25] } 37. b5 { [%clk 0:01:18] } Re2# { [%clk
0:08:28] } 0-1

[Event "Королевский Гамбит. Южный Федеральный округ."]
[Date "2025-11-21"]
[Round "2.5"]
[Board "5"]
[White "Семено Андрей"]
[WhiteElo "1010"]
[Black "Шашмурин Виталий"]
[BlackElo "1010"]
[WebSite "https://www.chessopen.ru"]
[GameId "35b6c7bd-c552-401d-9503-f522c3169cb1"]
[Result "1-0"]

1. e4 { [%clk 0:10:00] } e5 { [%clk 0:10:00] } 2. Nf3 { [%clk 0:10:02] } Nf6 {
[%clk 0:10:01] } 3. Nc3 { [%clk 0:10:03] } Nc6 { [%clk 0:10:02] } 4. Bb5 {
[%clk 0:10:05] } Bc5 { [%clk 0:10:03] } 5. O-O { [%clk 0:10:04] } d6 { [%clk
0:10:02] } 6. d3 { [%clk 0:10:05] } Bd7 { [%clk 0:10:03] } 7. Bg5 { [%clk
0:10:05] } h6 { [%clk 0:10:03] } 8. Bh4 { [%clk 0:10:05] } g5 { [%clk 0:10:04]
} 9. Bg3 { [%clk 0:10:07] } a6 { [%clk 0:09:56] } 10. Bc4 { [%clk 0:10:07] }
Bg4 { [%clk 0:09:27] } 11. h3 { [%clk 0:10:08] } Bh5 { [%clk 0:08:53] } 12. Bh2
{ [%clk 0:10:04] } Nd4 { [%clk 0:08:51] } 13. g4 { [%clk 0:10:06] } Nxf3+ {
[%clk 0:08:30] } 14. Qxf3 { [%clk 0:10:05] } Bg6 { [%clk 0:08:29] } 15. Nd5 {
[%clk 0:10:03] } Nxd5 { [%clk 0:07:53] } 16. Bxd5 { [%clk 0:10:00] } Qd7 {
[%clk 0:07:41] } 17. a3 { [%clk 0:09:57] } O-O-O { [%clk 0:07:34] } 18. b4 {
[%clk 0:09:57] } Bd4 { [%clk 0:06:56] } 19. Rab1 { [%clk 0:09:42] } Rhf8 {
[%clk 0:06:45] } 20. Rfc1 { [%clk 0:09:11] } f6 { [%clk 0:05:54] } 21. c3 {
[%clk 0:08:56] } Ba7 { [%clk 0:05:49] } 22. b5 { [%clk 0:08:21] } a5 { [%clk
0:05:38] } 23. a4 { [%clk 0:08:18] } Bf7 { [%clk 0:05:34] } 24. Bxf7 { [%clk
0:07:58] } Rxf7 { [%clk 0:05:30] } 25. Rb3 { [%clk 0:06:56] } c6 { [%clk
0:05:05] } 26. bxc6 { [%clk 0:06:41] } Qxc6 { [%clk 0:05:02] } 27. Rb5 { [%clk
0:06:32] } Qd7 { [%clk 0:04:16] } 28. Rcb1 { [%clk 0:06:28] } b6 { [%clk
0:03:42] } 29. c4 { [%clk 0:06:12] } Kb7 { [%clk 0:03:31] } 30. Qe2 { [%clk
0:05:56] } Rc8 { [%clk 0:03:23] } 31. Qd2 { [%clk 0:05:56] } Rc5 { [%clk
0:03:14] } 32. Qxa5 { [%clk 0:04:45] } Ka8 { [%clk 0:02:28] } 33. Qc3 { [%clk
0:04:28] } Rxb5 { [%clk 0:01:55] } 34. axb5 { [%clk 0:03:57] } Qc7 { [%clk
0:01:41] } 35. Ra1 { [%clk 0:03:46] } Qc5 { [%clk 0:01:35] } 36. Kg2 { [%clk
0:03:24] } Kb8 { [%clk 0:01:14] } 37. Bg1 { [%clk 0:02:59] } Ka8 { [%clk
0:01:15] } 38. f3 { [%clk 0:02:47] } Qc7 { [%clk 0:01:15] } 39. Ra6 { [%clk
0:02:48] } Kb8 { [%clk 0:01:12] } 40. Qa3 { [%clk 0:02:47] } Rd7 { [%clk
0:00:55] } 41. Be3 { [%clk 0:02:45] } Rf7 { [%clk 0:00:52] } 42. Qc1 { [%clk
0:02:30] } Rg7 { [%clk 0:00:52] } 43. Qg1 { [%clk 0:02:18] } Rd7 { [%clk
0:00:52] } 44. Bxb6 { [%clk 0:02:10] } Bxb6 { [%clk 0:00:48] } 45. Qxb6+ {
[%clk 0:02:10] } Qb7 { [%clk 0:00:44] } 46. Qxb7+ { [%clk 0:02:09] } Kxb7 {
[%clk 0:00:46] } 47. Kf2 { [%clk 0:02:11] } Rc7 { [%clk 0:00:46] } 48. Ke2 {
[%clk 0:02:12] } Rd7 { [%clk 0:00:47] } 49. Kd2 { [%clk 0:02:07] } Kb8 { [%clk
0:00:46] } 50. Kc3 { [%clk 0:02:09] } Kb7 { [%clk 0:00:47] } 51. Kb4 { [%clk
0:02:10] } Kc7 { [%clk 0:00:46] } 52. Ra7+ { [%clk 0:02:11] } Kc8 { [%clk
0:00:46] } 53. Rxd7 { [%clk 0:02:12] } Kxd7 { [%clk 0:00:47] } 54. Ka5 { [%clk
0:02:14] } Kc7 { [%clk 0:00:47] } 55. Ka6 { [%clk 0:02:16] } Kb8 { [%clk
0:00:43] } 56. Kb6 { [%clk 0:02:18] } f5 { [%clk 0:00:42] } 57. exf5 { [%clk
0:02:17] } e4 { [%clk 0:00:43] } 1-0

[Event "Королевский Гамбит. Южный Федеральный округ."]
[Date "2025-11-21"]
[Round "2.5"]
[Board "5"]
[White "Харлов Егор"]
[WhiteElo "1010"]
[Black "Рылов Владимир"]
[BlackElo "1000"]
[WebSite "https://www.chessopen.ru"]
[GameId "0c6be48a-cc10-4509-8c6a-7e5b83057f57"]
[Result "0-1"]

1. e4 { [%clk 0:09:57] } e5 { [%clk 0:10:00] } 2. Nf3 { [%clk 0:09:57] } Nc6 {
[%clk 0:10:01] } 3. Nc3 { [%clk 0:09:58] } Nf6 { [%clk 0:10:02] } 4. d3 { [%clk
0:09:49] } h6 { [%clk 0:10:03] } 5. g3 { [%clk 0:09:43] } Bc5 { [%clk 0:10:02]
} 6. Bg2 { [%clk 0:09:43] } d6 { [%clk 0:09:58] } 7. h3 { [%clk 0:09:43] } O-O
{ [%clk 0:09:57] } 8. O-O { [%clk 0:09:37] } b6 { [%clk 0:09:50] } 9. Nd5 {
[%clk 0:09:31] } Nxd5 { [%clk 0:09:50] } 10. exd5 { [%clk 0:09:30] } Nd4 {
[%clk 0:09:50] } 11. Nxd4 { [%clk 0:09:27] } Bxd4 { [%clk 0:09:48] } 12. c3 {
[%clk 0:09:26] } Bc5 { [%clk 0:09:38] } 13. d4 { [%clk 0:09:25] } exd4 { [%clk
0:09:39] } 14. cxd4 { [%clk 0:09:25] } Bb4 { [%clk 0:09:36] } 15. Qg4 { [%clk
0:09:14] } Bxg4 { [%clk 0:09:36] } 16. hxg4 { [%clk 0:09:10] } c5 { [%clk
0:09:24] } 17. a3 { [%clk 0:09:10] } Bxa3 { [%clk 0:09:24] } 18. Rxa3 { [%clk
0:09:02] } cxd4 { [%clk 0:09:24] } 19. Rd3 { [%clk 0:08:51] } Qf6 { [%clk
0:09:14] } 20. b3 { [%clk 0:08:50] } Qe5 { [%clk 0:09:04] } 21. Bb2 { [%clk
0:08:48] } Qe2 { [%clk 0:08:48] } 22. Rxd4 { [%clk 0:08:28] } Qxb2 { [%clk
0:08:31] } 23. Rf4 { [%clk 0:08:24] } Qxb3 { [%clk 0:08:27] } 24. g5 { [%clk
0:08:09] } hxg5 { [%clk 0:08:26] } 25. Rg4 { [%clk 0:08:04] } f6 { [%clk
0:08:15] } 26. f3 { [%clk 0:07:44] } Rfe8 { [%clk 0:08:13] } 27. f4 { [%clk
0:07:10] } gxf4 { [%clk 0:08:12] } 28. gxf4 { [%clk 0:07:01] } Qc3 { [%clk
0:07:55] } 29. Rf3 { [%clk 0:06:54] } Re1+ { [%clk 0:07:53] } 30. Rf1 { [%clk
0:06:54] } Qe3+ { [%clk 0:07:52] } 31. Kh2 { [%clk 0:06:47] } Rxf1 { [%clk
0:07:52] } 32. Bxf1 { [%clk 0:06:47] } Qf2+ { [%clk 0:07:49] } 33. Rg2 { [%clk
0:06:42] } Qxf1 { [%clk 0:07:50] } 34. f5 { [%clk 0:06:29] } Qxf5 { [%clk
0:07:49] } 35. Kh1 { [%clk 0:06:27] } Re8 { [%clk 0:07:48] } 36. Rg1 { [%clk
0:06:13] } Qh3# { [%clk 0:07:48] } 0-1

[Event "Королевский Гамбит. Южный Федеральный округ."]
[Date "2025-11-21"]
[Round "2.6"]
[Board "6"]
[White "Алёхин Кирилл"]
[WhiteElo "1010"]
[Black "Щеблыкина Мария"]
[BlackElo "1010"]
[WebSite "https://www.chessopen.ru"]
[GameId "ee1ceaa7-2d61-45d2-9ada-2f47aa8bd803"]
[Result "1-0"]

1. e4 { [%clk 0:10:01] } e5 { [%clk 0:09:54] } 2. Nf3 { [%clk 0:10:02] } Nc6 {
[%clk 0:09:51] } 3. Nc3 { [%clk 0:10:02] } Nf6 { [%clk 0:09:50] } 4. Bb5 {
[%clk 0:10:03] } d6 { [%clk 0:09:49] } 5. O-O { [%clk 0:10:02] } Bd7 { [%clk
0:09:50] } 6. h3 { [%clk 0:10:00] } Nd4 { [%clk 0:09:49] } 7. Bxd7+ { [%clk
0:09:54] } Qxd7 { [%clk 0:09:47] } 8. Nxd4 { [%clk 0:09:55] } exd4 { [%clk
0:09:44] } 9. Nd5 { [%clk 0:09:55] } Nxd5 { [%clk 0:09:44] } 10. exd5 { [%clk
0:09:55] } Qf5 { [%clk 0:09:42] } 11. d3 { [%clk 0:09:53] } Qxd5 { [%clk
0:09:40] } 12. Qe1+ { [%clk 0:09:39] } Be7 { [%clk 0:09:34] } 13. Bf4 { [%clk
0:09:21] } O-O { [%clk 0:09:20] } 14. Qxe7 { [%clk 0:09:07] } Rfe8 { [%clk
0:09:17] } 15. Qxc7 { [%clk 0:08:59] } Rac8 { [%clk 0:08:59] } 16. Qxd6 { [%clk
0:08:56] } Qxd6 { [%clk 0:08:58] } 17. Bxd6 { [%clk 0:08:54] } Rxc2 { [%clk
0:08:58] } 18. Rab1 { [%clk 0:08:49] } Ree2 { [%clk 0:08:56] } 19. Bf4 { [%clk
0:08:09] } b5 { [%clk 0:08:43] } 20. Rfc1 { [%clk 0:07:36] } Rxc1+ { [%clk
0:08:36] } 21. Rxc1 { [%clk 0:07:37] } Rxb2 { [%clk 0:08:35] } 22. Rc8# { [%clk
0:07:38] } 1-0

[Event "Королевский Гамбит. Южный Федеральный округ."]
[Date "2025-11-21"]
[Round "2.6"]
[Board "6"]
[White "Бобчук Захар"]
[WhiteElo "990"]
[Black "Желтобрюхов ярослав"]
[BlackElo "990"]
[WebSite "https://www.chessopen.ru"]
[GameId "cf0f5e46-3b4a-4d0a-b99a-6ffbe9c4fd04"]
[Result "0-1"]

1. e4 { [%clk 0:09:58] } e6 { [%clk 0:10:00] } 2. Bb5 { [%clk 0:09:51] } Qh4 {
[%clk 0:09:55] } 3. Nf3 { [%clk 0:09:48] } Qxe4+ { [%clk 0:09:48] } 4. Be2 {
[%clk 0:09:42] } Nc6 { [%clk 0:09:41] } 5. Nc3 { [%clk 0:09:37] } Qg4 { [%clk
0:09:36] } 6. d3 { [%clk 0:09:20] } Nd4 { [%clk 0:09:33] } 7. Be3 { [%clk
0:09:16] } Nxe2 { [%clk 0:09:26] } 8. Qxe2 { [%clk 0:09:12] } Qxg2 { [%clk
0:09:23] } 9. Qf1 { [%clk 0:09:06] } Qxf3 { [%clk 0:09:19] } 10. Nb5 { [%clk
0:08:35] } Bd6 { [%clk 0:09:16] } 11. Nxd6+ { [%clk 0:08:35] } cxd6 { [%clk
0:09:16] } 12. Bg5 { [%clk 0:08:24] } Nf6 { [%clk 0:09:04] } 13. Bxf6 { [%clk
0:08:23] } Qxf6 { [%clk 0:09:03] } 14. Qh3 { [%clk 0:08:19] } Qxb2 { [%clk
0:09:00] } 15. Rd1 { [%clk 0:08:15] } Qc3+ { [%clk 0:08:46] } 16. Rd2 { [%clk
0:08:06] } Qa1+ { [%clk 0:08:41] } 17. Rd1 { [%clk 0:08:01] } Qxa2 { [%clk
0:08:42] } 18. Qh4 { [%clk 0:08:00] } O-O { [%clk 0:08:34] } 19. O-O { [%clk
0:07:51] } Qxc2 { [%clk 0:08:27] } 20. Kg2 { [%clk 0:07:49] } b5 { [%clk
0:08:18] } 21. Rde1 { [%clk 0:07:40] } Bb7+ { [%clk 0:08:17] } 22. Kh3 { [%clk
0:07:28] } Qxd3+ { [%clk 0:08:09] } 23. Kg4 { [%clk 0:07:27] } Qf3+ { [%clk
0:08:05] } 24. Kg5 { [%clk 0:07:19] } h6+ { [%clk 0:08:04] } 25. Qxh6 { [%clk
0:07:10] } gxh6+ { [%clk 0:08:04] } 26. Kxh6 { [%clk 0:07:10] } Qf6+ { [%clk
0:08:01] } 27. Kh5 { [%clk 0:07:09] } Bf3# { [%clk 0:07:59] } 0-1

[Event "Королевский Гамбит. Южный Федеральный округ."]
[Date "2025-11-21"]
[Round "2.6"]
[Board "6"]
[White "Муцольгов Мухаммад"]
[WhiteElo "962"]
[Black "Рыжков Вячеслав"]
[BlackElo "1000"]
[WebSite "https://www.chessopen.ru"]
[GameId "5701f440-2eb7-4e34-a418-5087bf5a94cc"]
[Result "1-0"]

1. e4 { [%clk 0:09:58] } e6 { [%clk 0:10:01] } 2. d4 { [%clk 0:09:54] } Nc6 {
[%clk 0:10:01] } 3. Nf3 { [%clk 0:09:54] } Nf6 { [%clk 0:10:00] } 4. Nc3 {
[%clk 0:09:53] } Be7 { [%clk 0:10:01] } 5. Bg5 { [%clk 0:09:51] } h6 { [%clk
0:09:48] } 6. Bxf6 { [%clk 0:09:48] } gxf6 { [%clk 0:09:48] } 7. Bb5 { [%clk
0:09:28] } a6 { [%clk 0:09:47] } 8. Bxc6 { [%clk 0:09:28] } bxc6 { [%clk
0:09:48] } 9. Qd3 { [%clk 0:09:21] } f5 { [%clk 0:09:48] } 10. O-O-O { [%clk
0:09:18] } fxe4 { [%clk 0:09:46] } 11. Nxe4 { [%clk 0:09:17] } d5 { [%clk
0:09:40] } 12. Nc3 { [%clk 0:08:30] } c5 { [%clk 0:09:14] } 13. dxc5 { [%clk
0:08:27] } c6 { [%clk 0:09:16] } 14. Na4 { [%clk 0:08:26] } Rb8 { [%clk
0:09:19] } 15. b3 { [%clk 0:08:25] } e5 { [%clk 0:09:10] } 16. Nxe5 { [%clk
0:08:23] } Bg5+ { [%clk 0:09:10] } 17. Kb1 { [%clk 0:08:15] } Qf6 { [%clk
0:09:01] } 18. Nxc6 { [%clk 0:07:35] } Ra8 { [%clk 0:08:56] } 19. Qxd5 { [%clk
0:07:26] } O-O { [%clk 0:08:36] } 20. Rde1 { [%clk 0:06:54] } Qf4 { [%clk
0:08:33] } 21. Ne7+ { [%clk 0:06:27] } Kh8 { [%clk 0:07:59] } 22. Qxa8 { [%clk
0:06:17] } Kg7 { [%clk 0:07:50] } 23. Nd5 { [%clk 0:05:55] } Qd2 { [%clk
0:07:42] } 24. Ne7 { [%clk 0:05:17] } Kf6 { [%clk 0:06:14] } 25. Nxc8 { [%clk
0:05:03] } Qxf2 { [%clk 0:06:06] } 26. Ref1 { [%clk 0:05:00] } Bh4 { [%clk
0:05:29] } 27. Rxf2+ { [%clk 0:04:53] } Bxf2 { [%clk 0:05:29] } 28. Rf1 { [%clk
0:04:52] } Kg7 { [%clk 0:05:23] } 29. Rxf2 { [%clk 0:04:52] } Re8 { [%clk
0:05:24] } 30. Qc6 { [%clk 0:04:43] } Re1+ { [%clk 0:05:23] } 31. Kb2 { [%clk
0:04:38] } h5 { [%clk 0:05:10] } 32. Qf6+ { [%clk 0:04:32] } Kh7 { [%clk
0:04:57] } 33. Qxf7+ { [%clk 0:04:29] } Kh6 { [%clk 0:04:56] } 34. Qf6+ { [%clk
0:04:13] } Kh7 { [%clk 0:04:36] } 35. Rf5 { [%clk 0:04:00] } h4 { [%clk
0:04:12] } 36. Rh5+ { [%clk 0:03:48] } Kg8 { [%clk 0:04:07] } 37. Ne7+ { [%clk
0:03:48] } Rxe7 { [%clk 0:04:04] } 38. Qxe7 { [%clk 0:03:49] } h3 { [%clk
0:03:58] } 39. Rd5 { [%clk 0:03:44] } hxg2 { [%clk 0:03:58] } 40. Rd8# { [%clk
0:03:45] } 1-0

[Event "Королевский Гамбит. Южный Федеральный округ."]
[Date "2025-11-21"]
[Round "2.6"]
[Board "6"]
[White "Пилипчук Юля"]
[WhiteElo "990"]
[Black "Данил Пила"]
[BlackElo "1000"]
[WebSite "https://www.chessopen.ru"]
[GameId "e94db62a-d00a-4770-a4d9-f8f197abc7c4"]
[Result "1-0"]

1. e4 { [%clk 0:10:00] } e5 { [%clk 0:10:00] } 2. Nf3 { [%clk 0:10:01] } Nc6 {
[%clk 0:10:01] } 3. Nc3 { [%clk 0:10:02] } Nf6 { [%clk 0:10:01] } 4. Bb5 {
[%clk 0:10:02] } Bc5 { [%clk 0:09:50] } 5. Nxe5 { [%clk 0:10:03] } Nxe5 { [%clk
0:09:49] } 6. d4 { [%clk 0:10:03] } Bxd4 { [%clk 0:09:33] } 7. Qxd4 { [%clk
0:10:02] } Nc6 { [%clk 0:09:31] } 8. Bxc6 { [%clk 0:10:02] } bxc6 { [%clk
0:09:32] } 9. Be3 { [%clk 0:09:57] } a6 { [%clk 0:09:14] } 10. O-O { [%clk
0:09:56] } O-O { [%clk 0:09:14] } 11. Bg5 { [%clk 0:09:57] } h6 { [%clk
0:08:49] } 12. Bh4 { [%clk 0:09:57] } d6 { [%clk 0:08:05] } 13. Rfe1 { [%clk
0:09:36] } Qe8 { [%clk 0:07:34] } 14. Bxf6 { [%clk 0:09:31] } gxf6 { [%clk
0:07:24] } 15. Qxf6 { [%clk 0:09:30] } a5 { [%clk 0:07:14] } 16. Qxh6 { [%clk
0:09:11] } d5 { [%clk 0:06:44] } 17. exd5 { [%clk 0:09:08] } Qd7 { [%clk
0:06:38] } 18. Ne4 { [%clk 0:09:06] } Qxd5 { [%clk 0:06:31] } 19. Nf6# { [%clk
0:09:05] } 1-0